<?xml version="1.0" encoding="UTF-8"?>
<record
    xmlns:xsi="http://www.w3.org/2001/XMLSchema-instance"
    xsi:schemaLocation="http://www.loc.gov/MARC21/slim http://www.loc.gov/standards/marcxml/schema/MARC21slim.xsd"
    xmlns="http://www.loc.gov/MARC21/slim">

  <leader>01296nam a2200253Ia 4500</leader>
  <datafield tag="952" ind1=" " ind2=" ">
    <subfield code="0">0</subfield>
    <subfield code="1">0</subfield>
    <subfield code="4">0</subfield>
    <subfield code="7">0</subfield>
    <subfield code="a">14</subfield>
    <subfield code="b">14</subfield>
    <subfield code="d">2010-12-03</subfield>
    <subfield code="l">15</subfield>
    <subfield code="o">HQ56 C3.4 2008</subfield>
    <subfield code="p">14 003710</subfield>
    <subfield code="r">2023-03-06</subfield>
    <subfield code="s">2023-03-06</subfield>
    <subfield code="t">1</subfield>
    <subfield code="w">2012-10-28</subfield>
    <subfield code="y">LB</subfield>
  </datafield>
  <datafield tag="952" ind1=" " ind2=" ">
    <subfield code="0">0</subfield>
    <subfield code="1">0</subfield>
    <subfield code="2">lcc</subfield>
    <subfield code="4">0</subfield>
    <subfield code="7">0</subfield>
    <subfield code="a">20</subfield>
    <subfield code="b">20</subfield>
    <subfield code="d">2018-06-20</subfield>
    <subfield code="l">7</subfield>
    <subfield code="o">HQ56 C37 2000</subfield>
    <subfield code="p">20 002140</subfield>
    <subfield code="r">2019-10-30</subfield>
    <subfield code="s">2019-10-30</subfield>
    <subfield code="t">1</subfield>
    <subfield code="w">2018-06-20</subfield>
    <subfield code="y">LB</subfield>
  </datafield>
  <datafield tag="999" ind1=" " ind2=" ">
    <subfield code="c">85822</subfield>
    <subfield code="d">85822</subfield>
  </datafield>
  <controlfield tag="008">121028s9999    xx            000 0 und d</controlfield>
  <datafield tag="020" ind1=" " ind2=" ">
    <subfield code="a">9789682460814</subfield>
  </datafield>
  <datafield tag="050" ind1=" " ind2=" ">
    <subfield code="a">HQ56</subfield>
    <subfield code="b">C37 2000</subfield>
  </datafield>
  <datafield tag="100" ind1=" " ind2=" ">
    <subfield code="a">Casas, Ma de la Luz</subfield>
    <subfield code="e">autor</subfield>
  </datafield>
  <datafield tag="245" ind1=" " ind2=" ">
    <subfield code="a">Eduaci&#xF3;n sexual para j&#xF3;venes</subfield>
    <subfield code="b"> : Guia para padres y maestros</subfield>
    <subfield code="c"> / Ma. de la Luz Casas , Ma de los Angeles Ituarte</subfield>
  </datafield>
  <datafield tag="250" ind1=" " ind2=" ">
    <subfield code="a">2a. edici&#xF3;n</subfield>
  </datafield>
  <datafield tag="260" ind1=" " ind2=" ">
    <subfield code="a">M&#xE9;xico</subfield>
    <subfield code="b"> : Trillas</subfield>
    <subfield code="c"> , 2000</subfield>
  </datafield>
  <datafield tag="300" ind1=" " ind2=" ">
    <subfield code="a">260 p&#xE1;ginas</subfield>
  </datafield>
  <datafield tag="500" ind1=" " ind2=" ">
    <subfield code="a">Sustituye al Libro N&#xB0;4/Educaci&#xF3;n sexual/MORRIS, Diana de/ visor/ 1995</subfield>
  </datafield>
  <datafield tag="500" ind1=" " ind2=" ">
    <subfield code="a">Incluye:
&#xCD;ndice de ocntenido
Introducci&#xF3;n
Ap&#xE9;ndice
Conclusi&#xF3;n
&#xCD;ndice anal&#xED;tico</subfield>
  </datafield>
  <datafield tag="504" ind1=" " ind2=" ">
    <subfield code="a">Bibliograf&#xED;a (pp. 245-246)</subfield>
  </datafield>
  <datafield tag="505" ind1=" " ind2=" ">
    <subfield code="a">Conceptos generales en la educaci&#xF3;n sexual
Educaci&#xF3;n y sexualidad. &#xC1;rea psicol&#xF3;gica
Educaci&#xF3;n y sexualidad. &#xC1;rea social
Sexualidad y responsabilidad
El noviazgo
La problem&#xE1;tica actual en relaci&#xF3;n con la sexualidada
Bases biol&#xF3;gicas de la sexualidad: anatom&#xED;a y fisiolog&#xED;a sexual</subfield>
  </datafield>
  <datafield tag="519" ind1=" " ind2=" ">
    <subfield code="a">Plan Flexible / </subfield>
    <subfield code="b">Psicolog&#xED;a / </subfield>
    <subfield code="c">Educaci&#xF3;n sexual (B19) / </subfield>
    <subfield code="d">(20 002140)</subfield>
  </datafield>
  <datafield tag="650" ind1=" " ind2="0">
    <subfield code="a">EDUCACI&#xD3;N SEXUAL</subfield>
    <subfield code="x">ADOLESCENTES</subfield>
  </datafield>
  <datafield tag="650" ind1=" " ind2="0">
    <subfield code="a">PSICOSEXUALIDAD</subfield>
  </datafield>
  <datafield tag="650" ind1=" " ind2="0">
    <subfield code="a">EDUCACI&#xD3;N SEXUAL</subfield>
    <subfield code="x">PADRES - HIJOS</subfield>
  </datafield>
  <datafield tag="700" ind1=" " ind2=" ">
    <subfield code="a">Ituarte de Ardav&#xED;n, Mar&#xED;a de los &#xC1;ngeles</subfield>
    <subfield code="e">autor</subfield>
  </datafield>
  <datafield tag="942" ind1=" " ind2=" ">
    <subfield code="c">LB</subfield>
    <subfield code="2">lcc</subfield>
  </datafield>
</record>
